Основы скважинных геотехнологий: монография

Dades bibliogràfiques
Autor principal: Спирин Э. К. Эдуард Константинович
Autor corporatiu: Национальный исследовательский Томский политехнический университет (ТПУ) Юргинский технологический институт (филиал) (ЮТИ) Кафедра безопасности жизнедеятельности, экологии и физического воспитания (БЖДЭФВ)
Altres autors: Воробьев А. Е. Александр Егорович, Сытников А. М. Александр Михайлович
Sumari:Заглавие с титульного экрана
Электронная версия печатной публикации
Монография посвящена обсуждению основных аспектов скважинной геотехнологии (ГТ). Рассмотрены вопросы связи геотехнологии с родственными дисциплинами, гидрогеохимических аналогий ГТ металлов на глобальном и региональном уровнях. Большое внимание уделено проблемам управляемых взрывов для геотехнологических нужд. Подробно обсуждаются вопросы будущего ГТ-метода, совмещение процессов геотехнологий и традиционных технологий. Подвергнут анализу опыт традиционных способов захоронения отходов ГТ-производства. В работе над монографией принимали участие кандидат технических наук В. А. Шамонин (раздел V.1) и кандидат технических наук С. К. Мещанинов (раздел V.2). Предназначена для научных работников, инженеров, преподавателей и студентов.
Режим доступа: из корпоративной сети ТПУ
Idioma:rus
Publicat: Томск, Изд-во ТПУ, 2013
Matèries:
Accés en línia:http://www.lib.tpu.ru/fulltext2/m/2013/m339.pdf
Format: MixedMaterials Electrònic Llibre
KOHA link:https://koha.lib.tpu.ru/cgi-bin/koha/opac-detail.pl?biblionumber=247082

MARC

LEADER 00000nlm0a2200000 4500
001 247082
005 20231101232253.0
035 |a (RuTPU)RU\TPU\book\268555 
090 |a 247082 
100 |a 20131216d2013 k y0rusy50 ca 
101 0 |a rus 
102 |a RU 
105 |a a z 001zy 
135 |a drgn ---uucaa 
181 0 |a i  
182 0 |a b 
200 1 |a Основы скважинных геотехнологий  |b Электронный ресурс  |e монография  |f Э. К. Спирин, А. Е. Воробьев, А. М. Сытников  |g Национальный исследовательский Томский политехнический университет (ТПУ), Юргинский технологический институт (филиал) (ЮТИ), Кафедра безопасности жизнедеятельности, экологии и физического воспитания (БЖДЭФВ) 
203 |a Текст  |c электронный 
210 |a Томск  |c Изд-во ТПУ  |d 2013 
230 |a 1 компьютерный файл (pdf; 3.7 MB) 
300 |a Заглавие с титульного экрана 
300 |a Электронная версия печатной публикации 
330 |a Монография посвящена обсуждению основных аспектов скважинной геотехнологии (ГТ). Рассмотрены вопросы связи геотехнологии с родственными дисциплинами, гидрогеохимических аналогий ГТ металлов на глобальном и региональном уровнях. Большое внимание уделено проблемам управляемых взрывов для геотехнологических нужд. Подробно обсуждаются вопросы будущего ГТ-метода, совмещение процессов геотехнологий и традиционных технологий. Подвергнут анализу опыт традиционных способов захоронения отходов ГТ-производства. В работе над монографией принимали участие кандидат технических наук В. А. Шамонин (раздел V.1) и кандидат технических наук С. К. Мещанинов (раздел V.2). Предназначена для научных работников, инженеров, преподавателей и студентов. 
333 |a Режим доступа: из корпоративной сети ТПУ 
337 |a Adobe Reader 
606 1 |a Геотехнология  |x Физико-химические основы  |2 stltpush  |3 (RuTPU)RU\TPU\subj\6247  |9 34176 
610 1 |a электронный ресурс 
610 1 |a труды учёных ТПУ 
610 1 |a монографии 
610 1 |a геотехнологии 
610 1 |a малоотходные производства 
610 1 |a малоотходные технологии 
610 1 |a металлы 
610 1 |a горные породы 
610 1 |a взрывные работы 
610 1 |a взрывное разупрочнение 
610 1 |a взрывчатые вещества 
610 1 |a взрывы 
610 1 |a взрывное дело 
610 1 |a гранулометрия 
610 1 |a грансостав 
610 1 |a месторождения 
610 1 |a добыча 
610 1 |a уран 
610 1 |a отходы 
610 1 |a захоронения 
610 1 |a радиоактивные отходы 
610 1 |a геоэкологические проблемы 
675 |a 622.277  |v 3 
700 1 |a Спирин  |b Э. К.  |c специалист в области экологии и безопасности жизнедеятельности  |c профессор Юргинского технологического института (филиала) Томского политехнического университета  |f 1935-  |g Эдуард Константинович  |2 stltpush  |3 (RuTPU)RU\TPU\pers\27631  |9 12761 
701 1 |a Воробьев  |b А. Е.  |g Александр Егорович 
701 1 |a Сытников  |b А. М.  |g Александр Михайлович 
712 0 2 |a Национальный исследовательский Томский политехнический университет (ТПУ)  |b Юргинский технологический институт (филиал) (ЮТИ)  |b Кафедра безопасности жизнедеятельности, экологии и физического воспитания (БЖДЭФВ)  |h 2240  |2 stltpush  |3 (RuTPU)RU\TPU\col\18930 
801 1 |a RU  |b 63413507  |c 20131216 
801 2 |a RU  |b 63413507  |c 20140624  |g RCR 
856 4 |u http://www.lib.tpu.ru/fulltext2/m/2013/m339.pdf 
942 |c CF